|
|
|
|
| LEADER |
00000nam0a2200000 4500 |
| 001 |
53019 |
| 005 |
20231031043842.0 |
| 010 |
|
|
|a 5723702548
|
| 035 |
|
|
|a (RuTPU)RU\TPU\book\55597
|
| 090 |
|
|
|a 53019
|
| 100 |
|
|
|a 20030610d2000 m y0rusy50 ca
|
| 101 |
0 |
|
|a rus
|
| 102 |
|
|
|a RU
|
| 105 |
|
|
|a a j 000zy
|
| 200 |
1 |
|
|a Лабораторный практикум по курсу "Промышленная экология"
|e учебное пособие
|f Е. Б. Дубкова, В. А. Зайцев
|g Российский химико-технологический университет им. Д. И. Менделеева
|
| 210 |
|
|
|a Москва
|c Изд-во РХТУ им. Д. И. Менделеева
|d 2000
|
| 215 |
|
|
|a 168 с.
|c ил.
|
| 610 |
1 |
|
|a промышленная экология
|
| 610 |
1 |
|
|a практикумы
|
| 610 |
1 |
|
|a газоочистка
|
| 610 |
1 |
|
|a эколого-экономические системы
|
| 610 |
1 |
|
|a газовые выбросы
|
| 610 |
1 |
|
|a контроль
|
| 610 |
1 |
|
|a очистка
|
| 610 |
1 |
|
|a оборотная система
|
| 610 |
1 |
|
|a водоснабжение
|
| 610 |
1 |
|
|a сточные воды
|
| 610 |
1 |
|
|a анализ
|
| 610 |
1 |
|
|a статистическая обработка
|
| 610 |
1 |
|
|a штрафы
|
| 610 |
1 |
|
|a лабораторные работы
|
| 610 |
1 |
|
|a учебные пособия
|
| 675 |
|
|
|a 504.064(075.8)
|v 3
|
| 700 |
|
1 |
|a Дубкова
|b Е. Б.
|g Евгения Борисовна
|
| 701 |
|
1 |
|a Зайцев
|b В. А.
|g Валентин Алексеевич
|
| 712 |
0 |
2 |
|a Российский химико-технологический университет им. Д. И. Менделеева
|2 stltpush
|3 (RuTPU)RU\TPU\col\55
|
| 801 |
|
1 |
|a RU
|b 63413507
|c 20030610
|g PSBO
|
| 801 |
|
2 |
|a RU
|b 63413507
|c 20120209
|g PSBO
|
| 900 |
|
|
|a Промышленная экология
|
| 942 |
|
|
|c BK
|